00482nam a2200121Ia 450000500170000000800410001708200230005810000180008124500330009926000450013230000190017750001640019620250310031858.0240331s9999 xx 000 0 und d bYOG24493a894.811 aYoganathan, S 0aNettirunthom Antha Veedinile aChennai,bSatyabarathi Pathippagamc1993 a512 p., (C II) aA part of the novel series "Asuravithu", which artistically records the life, culture, contradictions and struggles of the Eelam people against foreign rulers.